Największe miejscowości powiatu Garwolińskiego - Statystyki

Ogólne statystyki
  • Ten quiz został rozwiązany 55 razy
  • Średni wynik to 4 z 5
Statystyki odpowiedzi
Liczba mieszkańców Miejscowość % Poprawnych
17 268(Stan na 2024) Garwolin
100%
4 893(Stan na 2016) Łaskarzew
80%
4 518(Stan na 2023) Pilawa
80%
3 886(Stan na 2022) Żelechów
67%
1 439 (Stan na 2023) Maciejowice
64%
Nie znaleziono quizów pasujących do podanych kryteriów
Rozkład punktacji
Procent ludzi z każdym wynikiem
Percentyl według liczby udzielonych odpowiedzi
Twoja historia wyników
Nie rozwiązałeś tego quizu